'K' Entertainment Images Quiz Stats

 Plays Quiz Updated Apr 20, 2018

Challenge
Share
Tweet
Score 0/30 Timer 04:00
5 Plays Today
picture name % Correct
Katy Perry
88.8%
Kung Fu Panda
88.6%
King Kong
84.2%
The Karate Kid
82.9%
MusiciansKanye West
82.8%
Beyoncé Knowles
82.7%
Movie TitlesKill Bill
80.8%
Celebrity SurnamesAshton Kutcher
79.9%
Kenny McCormick
77.2%
TV CharactersKrusty the Clown
74.4%
TV ShowsKim Possible
73%
King of the Hill
69.5%
Nicole Kidman
68.3%
Kanga
67.1%
Jimmy Kimmel
65.3%
picture name % Correct
Keira Knightley
64.7%
Knight Rider
62.4%
Kick-Ass
61.3%
Keeping Up With the Kardashians
61%
Kesha
59.8%
Keith Urban
58.3%
Kaa
45.7%
Kenan and Kel
43.2%
Disney CharactersKristoff
41.3%
Kuzco
39.4%
Kate Austen
37.8%
Kitty Forman
37.6%
Kelly Kapoor
36.1%
Kendrick Lamar
23.2%
Kenai
10%

You're not logged in!

Compare scores with friends on all Sporcle quizzes.
OR
Log In

You Might Also Like...

Show Comments

Extras

Top Quizzes Today


Score Distribution

Your Account Isn't Verified!

In order to create a playlist on Sporcle, you need to verify the email address you used during registration. Go to your Sporcle Settings to finish the process.

Report this User

Report this user for behavior that violates our Community Guidelines.

Details: